000 00816nam a2200229 a 4500
001 BRCA_3292
005 20190320204215.0
008 270309s1990----caua---###---#000-0#eng-#
020 _a0936494042
041 _aeng
044 _acau
050 4 _aN742.S16
_b.P69 1990
100 1 _aPower, Dennis M.
_98721
245 1 0 _aTreasures
_cby Dennis M. Power ; photographs by Dovida Treiman.
260 _aSanta Barbara, California
_bSanta Barbara Museum of Natural History
_c1990
300 _a46 p.
_bil. a color
_c30 cm.
650 1 4 _aMuseos de historia natural
_vCatálogos
_zSanta Barbara, California (Estados Unidos)
_98722
650 1 4 _aHistoria natural
_vCatálogos
_zSanta Barbara, California
_98723
700 1 _aTreiman, Dovida
_98724
710 2 _aSanta Barbara Museum of Natural History
_98725
942 _2lcc
_cB
999 _c3028
_d3028